[Event "Chigorin Memorial 06th"]
[Site "St Petersburg"]
[Date "1998.11.06"]
[Round "6"]
[White "Lastin, Alexander"]
[Black "Milton, Sergei"]
[Result "1-0"]
[WhiteElo "2550"]
[BlackElo "2345"]
[PlyCount "67"]
[EventDate "1998.10.31"]
[EventType "swiss"]
[EventRounds "9"]
[EventCountry "RUS"]
[SourceTitle "CBM 067 Extra"]
[Source "ChessBase"]
[SourceDate "1999.01.01"]
[SourceVersion "1"]
[SourceVersionDate "1999.01.01"]
[SourceQuality "1"]

1. Nf3 Nf6 2. c4 g6 3. Nc3 Bg7 4. e4 d6 5. d4 0-0 6. Be2 e5 7. Be3 Qe7 8. dxe5 dxe5 9. Nd5 Qd8 10. Bc5 Nxe4 11. Be7 Qd7 12. Bxf8 Kxf8 13. Qc2 f5 14. Rd1 Nc6 15. b4 Nd4 16. Nxd4 exd4 17. 0-0 Qd6 18. f3 Ng5 19. Qd2 Ne6 20. a3 c6 21. Ne3 Be5 22. g3 f4 23. Ng4 fxg3 24. hxg3 Bg7 25. f4 b6 26. Bf3 Rb8 27. Ne5 Bb7 28. Rde1 Kg8 29. Nd3 Ba6 30. Qa2 Re8 31. c5 Qd7 32. Bg4 Kf7 33. f5 gxf5 34. Bxf5 1-0

[Event "Chigorin Memorial 06th"]
[Site "St Petersburg"]
[Date "1998.11.04"]
[Round "5"]
[White "Milton, Sergei"]
[Black "Bochkarev, Alexander"]
[Result "1-0"]
[WhiteElo "2345"]
[BlackElo "2510"]
[PlyCount "79"]
[EventDate "1998.10.31"]
[EventType "swiss"]
[EventRounds "9"]
[EventCountry "RUS"]
[SourceTitle "CBM 067 Extra"]
[Source "ChessBase"]
[SourceDate "1999.01.01"]
[SourceVersion "1"]
[SourceVersionDate "1999.01.01"]
[SourceQuality "1"]

1. e4 e5 2. Nf3 Nc6 3. Bb5 a6 4. Ba4 Nf6 5. 0-0 Nxe4 6. d4 b5 7. Bb3 d5 8. dxe5 Be6 9. Be3 Be7 10. c3 Nc5 11. Bc2 Nd7 12. Re1 Ndxe5 13. Nxe5 Nxe5 14. Bd4 Nc6 15. Bxg7 Rg8 16. Qh5 Qd6 17. Qh6 0-0-0 18. Bxh7 Rxg7 19. Qxg7 Qf4 20. g3 Qf3 21. Nd2 Qh5 22. Bd3 Rh8 23. h4 Bg4 24. Rxe7 Nxe7 25. Qg5 Qxg5 26. hxg5 Kd7 27. a4 c6 28. axb5 axb5 29. f3 Be6 30. f4 Bg4 31. Kg2 Rb8 32. b4 d4 33. Ne4 Nd5 34. cxd4 Nxb4 35. Nf6+ Kd6 36. Be4 Be2 37. Ra7 Rd8 38. Rxf7 Bc4 39. Rb7 Na2 40. f5 1-0

[Event "St Petersburg White Nights"]
[Site "St Petersburg"]
[Date "1998.06.28"]
[Round "9"]
[White "Milton, Sergei"]
[Black "Taimanov, Mark E"]
[Result "1/2-1/2"]
[WhiteElo "2315"]
[BlackElo "2490"]
[PlyCount "47"]
[EventDate "1998.06.??"]
[EventType "tourn"]
[EventRounds "9"]
[EventCountry "RUS"]
[EventCategory "8"]
[SourceTitle "EXT 1999"]
[Source "ChessBase"]
[SourceDate "1998.11.16"]
[SourceVersion "1"]
[SourceVersionDate "1998.11.16"]
[SourceQuality "1"]

1. e4 c5 2. c3 Nf6 3. e5 Nd5 4. d4 cxd4 5. cxd4 e6 6. Nf3 b6 7. Nc3 Nxc3 8. bxc3 Be7 9. Bd3 Ba6 10. 0-0 Bxd3 11. Qxd3 0-0 12. Bf4 Nc6 13. d5 exd5 14. Qxd5 Rc8 15. Rad1 Nb8 16. Rd3 Qc7 17. Nd4 Qc4 18. Nf5 Rfe8 19. Qf3 Qe6 20. Qg4 Bf8 21. Rd6 Qc4 22. Rfd1 Kh8 23. R6d3 Re6 24. Ne3 1/2-1/2

[Event "Petrov Memorial op"]
[Site "St Petersburg"]
[Date "1998.??.??"]
[Round "1"]
[White "Milton, Sergei"]
[Black "Ionov, Sergey"]
[Result "1/2-1/2"]
[WhiteElo "2315"]
[BlackElo "2530"]
[PlyCount "103"]
[EventDate "1998.02.??"]
[EventType "swiss"]
[EventRounds "9"]
[EventCountry "RUS"]
[SourceTitle "EXT 1999"]
[Source "ChessBase"]
[SourceDate "1998.11.16"]
[SourceVersion "1"]
[SourceVersionDate "1998.11.16"]
[SourceQuality "1"]

1. e4 d6 2. d4 Nf6 3. Nc3 g6 4. f3 c6 5. Be3 b5 6. Qd2 Qc7 7. g4 Bb7 8. g5 Nfd7 9. h4 Bg7 10. h5 Rg8 11. hxg6 hxg6 12. Rh7 Nf8 13. Rh2 Nbd7 14. 0-0-0 Nb6 15. d5 b4 16. Nb1 cxd5 17. Bb5+ Nfd7 18. Qxb4 dxe4 19. fxe4 0-0-0 20. Nf3 Kb8 21. a4 a5 22. Qe1 Nc5 23. Nc3 Rc8 24. Bd4 Bxd4 25. Nxd4 Rh8 26. Rxh8 Rxh8 27. Kb1 e5 28. Nf3 Rc8 29. Qe2 Rh8 30. Re1 Ne6 31. Qd2 Rh3 32. Nh2 Nxg5 33. Bf1 Rxc3 34. Qxc3 Qxc3 35. bxc3 Nxe4 36. Bb5 Nxc3+ 37. Kc1 Nbxa4 38. Be8 f5 39. Bxg6 f4 40. Ng4 Nc5 41. Nxe5 dxe5 42. Rxe5 Nd7 43. Rxa5 Kc7 44. Bd3 Nf6 45. Rc5+ Kd6 46. Rxc3 f3 47. Rb3 Bd5 48. Rb6+ Ke5 49. Kd2 f2 50. Rb5 Kf4 51. c4 Ne4+ 52. Ke2 1/2-1/2

[Event "Petrov Memorial op"]
[Site "St Petersburg"]
[Date "1998.??.??"]
[Round "5"]
[White "Milton, Sergei"]
[Black "Sepman, Yulius"]
[Result "1-0"]
[WhiteElo "2315"]
[BlackElo "2155"]
[PlyCount "73"]
[EventDate "1998.02.??"]
[EventType "swiss"]
[EventRounds "9"]
[EventCountry "RUS"]
[SourceTitle "EXT 1999"]
[Source "ChessBase"]
[SourceDate "1998.11.16"]
[SourceVersion "1"]
[SourceVersionDate "1998.11.16"]
[SourceQuality "1"]

1. e4 e5 2. Nf3 Nc6 3. Bb5 a6 4. Ba4 Nf6 5. 0-0 Nxe4 6. d4 b5 7. Bb3 d5 8. dxe5 Be6 9. Be3 Bc5 10. Bxc5 Nxc5 11. c3 Nxb3 12. axb3 0-0 13. Nd4 Nxd4 14. cxd4 c5 15. dxc5 d4 16. b4 Qd5 17. f4 d3 18. f5 Qd4+ 19. Kh1 Bd5 20. f6 Qxe5 21. Nc3 gxf6 22. Qg4+ Kh8 23. Rae1 Be6 24. Qf3 Qg5 25. Ne4 Qg7 26. Nxf6 d2 27. Rd1 Rad8 28. Qf4 Bc4 29. Rf2 Qg6 30. Qe5 Bb3 31. Nd7+ f6 32. Nxf8 Rxf8 33. Qd6 Re8 34. Rfxd2 Bxd1 35. Rxd1 Re2 36. Qf8+ Qg8 37. Qxf6+ 1-0

[Event "Petrov Memorial op"]
[Site "St Petersburg"]
[Date "1998.??.??"]
[Round "8"]
[White "Shour, Janna"]
[Black "Milton, Sergei"]
[Result "1-0"]
[WhiteElo "2210"]
[BlackElo "2315"]
[PlyCount "85"]
[EventDate "1998.02.??"]
[EventType "swiss"]
[EventRounds "9"]
[EventCountry "RUS"]
[SourceTitle "EXT 1999"]
[Source "ChessBase"]
[SourceDate "1998.11.16"]
[SourceVersion "1"]
[SourceVersionDate "1998.11.16"]
[SourceQuality "1"]

1. Nf3 f5 2. g3 d6 3. Bg2 e5 4. d3 Nf6 5. 0-0 g6 6. c3 Bg7 7. Nbd2 c6 8. e4 0-0 9. Re1 Kh8 10. a4 Be6 11. Ng5 Bg8 12. exf5 gxf5 13. Nc4 Na6 14. f4 h6 15. Nf3 Bxc4 16. dxc4 Ng4 17. a5 e4 18. Nh4 Nc5 19. h3 Nf6 20. Ng6+ Kg8 21. Nxf8 Qxf8 22. Bf1 a6 23. Be3 Ne6 24. Kh2 Rd8 25. Qc2 Qf7 26. Be2 Qg6 27. Rg1 h5 28. Rad1 Kh8 29. Qb3 Rd7 30. Qc2 Qh6 31. Rdf1 d5 32. Rg2 c5 33. cxd5 Nxd5 34. Qb1 h4 35. g4 fxg4 36. Bxg4 Rf7 37. Bxe6 Qxe6 38. Rg4 Qf6 39. Bd4 Qh6 40. Qe1 Rxf4 41. Rfxf4 Nxf4 42. Rxh4 Nh5 43. Qxe4 1-0